[Event "XXXVII Abierto Internacional "]
[Site "Sevilla (SPAIN)"]
[Date "2012.01.13"]
[Round "7"]
[White "Paunovic, Dragan"]
[Black "Torres Ventosa, Pedro Eugenio"]
[Result "1-0"]
[WhiteElo "2520"]
[BlackElo "2324"]
[Annotator "Montecatine,R"]
[PlyCount "63"]
[EventDate "2012.01.07"]
[SourceDate "2012.01.07"]

1. d4 Nf6 2. Nf3 g6 3. Bg5 Ne4 4. Bh4 Bg7 5. e3 d5 6. Nbd2 Bf5 7. c4 c6 8. Be2
Qb6 9. O-O Nd7 10. cxd5 cxd5 11. Nxe4 Bxe4 12. Nd2 Bf5 13. Qb3 Bf6 14. Qxb6
axb6 15. Bg3 O-O 16. Nb1 (16. a3 Rfc8 17. Rac1 $14) 16... e5 17. dxe5 Nxe5 18.
Nc3 {Diagrama #} Nc6 (18... Rfd8 19. Rfd1 Be6 $11) 19. Nxd5 Bxb2 20. Rad1 Bg7
21. a3 Rfd8 22. Bh4 Rd7 23. Bb5 Rxa3 (23... Bc2 24. Rd2 Ba4 $14) 24. Bxc6 bxc6
25. Ne7+ Kh8 26. Nxf5 Rxd1 27. Rxd1 gxf5 28. Rd8+ Bf8 29. Bf6+ Kg8 30. g4 $16
Ra7 31. gxf5 {Diagrama #} b5 $2 (31... c5 32. Rb8 b5 33. Rxb5 Ra6 34. Bc3 Bd6
$16) 32. Bd4 $18 1-0

[Event "XXXVII Abierto Internacional "]
[Site "Sevilla (SPAIN)"]
[Date "2012.01.13"]
[Round "7"]
[White "Melero Fidalgo, Juan De Dios"]
[Black "Teran Alvarez, Ismael"]
[Result "1/2-1/2"]
[WhiteElo "2251"]
[BlackElo "2422"]
[Annotator "Montecatine,R"]
[PlyCount "39"]
[EventDate "2012.01.07"]
[SourceDate "2012.01.07"]

1. d4 e6 2. c4 Nf6 3. g3 c5 4. d5 exd5 5. cxd5 d6 6. Nc3 g6 7. Bg2 Bg7 8. Nf3
O-O 9. O-O Re8 10. Nd2 a6 11. a4 Nbd7 12. h3 Qc7 13. Nc4 Ne5 14. Nxe5 Rxe5 15.
Re1 (15. f4 Re8 16. Kh2 Bf5 17. g4 Be4 18. Bf3 Bxf3 19. exf3 Rab8 20. a5 Nd7
21. Qc2 c4 22. Ra4 Rbc8 23. Ne4 b5 24. axb6 Qxb6 25. Rxc4 Rxc4 26. Qxc4 Bxb2
27. Bxb2 Qxb2+ 28. Rf2 Qb6 29. Qc6 Rd8 30. Rc2 Kg7 31. g5 a5 32. Kg3 Qg1+ 33.
Rg2 Qe1+ 34. Kh2 Qb4 35. Qc7 Qb8 36. Qc3+ Kg8 37. Qxa5 Nc5 38. Nf6+ Kf8 39. Qc3
Qb3 40. Nxh7+ Kg8 41. Nf6+ Kf8 42. Qxb3 Nxb3 43. Rb2 Nd4 44. Kg2 Nf5 45. Kf2
Kg7 46. Re2 Kf8 47. Re1 Ra8 48. Ke2 Nd4+ 49. Kf2 Nf5 50. Re4 Rc8 51. Ke1 Ng3
52. Re3 Nf5 53. Re2 Nd4 {
1/2-1/2 (53) Skrbin,K (2182)-Ljubas,A (2119)/Zadar 2004}) 15... Rb8 16. Bf4 Re8
17. Rc1 Nh5 18. Bd2 Qe7 19. e4 Be5 20. Kh2 {Diagrama #} 1/2-1/2

[Event "XXXVII Abierto Internacional "]
[Site "Sevilla (SPAIN)"]
[Date "2012.01.13"]
[Round "7"]
[White "Buxade Roca, Guillermo"]
[Black "Cornette, Matthieu"]
[Result "1/2-1/2"]
[WhiteElo "2158"]
[BlackElo "2545"]
[Annotator "Montecatine,R"]
[PlyCount "102"]
[EventDate "2012.01.07"]
[SourceDate "2012.01.07"]

1. c4 e5 2. Nc3 Nf6 3. g3 Bb4 4. Nf3 e4 5. Nd4 Nc6 6. Nc2 Bxc3 7. dxc3 Ne5 8.
Ne3 O-O 9. Bg2 d6 10. O-O Be6 11. b3 Qd7 12. Nd5 Nxd5 13. cxd5 Bh3 14. Qd4 Bxg2
15. Kxg2 Qg4 16. Qe3 f5 17. f3 Qh5 18. Qg5 exf3+ 19. exf3 Qf7 20. c4 Rae8 21.
Qd2 f4 22. Bb2 fxg3 23. Bxe5 Rxe5 24. hxg3 Qg6 25. Rae1 Rg5 26. Qf2 h5 27. Re6
Qf5 28. Rh1 b6 29. Qe3 Rg6 30. Re1 Rgf6 31. Rxf6 Rxf6 32. Qe8+ Kh7 33. Qe4 Kg6
34. Qxf5+ Rxf5 35. Re7 Rf7 36. Re4 a5 37. a4 (37. Kf2 $11) 37... Kf6 38. Kh3 g5
39. Re8 Re7 40. Rxe7 Kxe7 41. g4 h4 42. f4 gxf4 43. Kxh4 Kf6 44. g5+ Kf5 45. g6
Kxg6 46. Kg4 f3 47. Kxf3 Kf5 48. Ke3 Ke5 49. Kd3 Kf4 50. Kd4 Kf3 51. Kd3 Kf4 {
Diagrama #} 1/2-1/2

[Event "XXXVII Abierto Internacional "]
[Site "Sevilla (SPAIN)"]
[Date "2012.01.13"]
[Round "7"]
[White "Bykov, Alexey"]
[Black "Gomez Rebollo, Alfonso Carlos"]
[Result "1-0"]
[WhiteElo "2337"]
[BlackElo "2160"]
[Annotator "Montecatine,R"]
[PlyCount "59"]
[EventDate "2012.01.07"]
[SourceDate "2012.01.07"]

1. e4 e6 2. d4 d5 3. Nd2 Nf6 4. Bd3 c5 5. c3 Nc6 6. Ngf3 cxd4 7. cxd4 dxe4 8.
Nxe4 Nxe4 9. Bxe4 Bb4+ 10. Bd2 Bxd2+ 11. Qxd2 O-O 12. O-O Qd6 (12... Bd7 13.
Rac1 Qf6 14. Ne5 Rfd8 15. Qe3 Be8 16. Rc4 Rd6 17. Bxc6 Bxc6 18. Qa3 Rd5 19.
Rfc1 h5 20. g3 a5 21. Nxc6 bxc6 22. Rxc6 Qxd4 23. Qc3 Qg4 24. Rc4 Qg5 25. h4
Qh6 26. Rc8+ Rxc8 27. Qxc8+ Kh7 28. Qc2+ g6 29. Rd1 Rxd1+ 30. Qxd1 Qg7 31. Qf3
Qf8 32. Qb7 Kg7 33. Qb6 Qa8 34. a3 Qd5 35. b4 axb4 36. axb4 g5 37. hxg5 h4 38.
gxh4 Qd1+ 39. Kh2 Qg4 40. Qd6 Qxh4+ 41. Kg2 Qe4+ 42. Kg3 e5 43. Qf6+ Kg8 44.
Qd8+ Kg7 45. Qd2 Qb1 46. Kg2 Qe4+ 47. f3 Qb1 48. Kf2 Qb3 49. Qd6 Qc3 50. Kg3 e4
{1/2-1/2 (50) Khamrakulov,D (2509)-Wan,Y (2424)/Olongapo City 2010}) 13. Rad1
Nb4 14. Qg5 Nd5 (14... f5 15. Bb1 Bd7 $11) (14... Bd7 $2 15. Bxh7+ Kxh7 16.
Qh5+ Kg8 17. Ng5 $18) 15. Rfe1 b6 16. Qd2 Bb7 17. Ne5 Rac8 18. Bb1 Rfd8 (18...
Qb4 $15) 19. Qd3 (19. Bxh7+ Kxh7 20. Nxf7 Qd7 21. Nxd8 Rxd8 $11) 19... Nf6 (
19... g6) 20. h3 Qd5 21. f3 h5 22. Qe3 {Diagrama #} Rd6 $2 (22... Rc7 $11) 23.
Qf4 $16 Rc7 $2 (23... Rf8 $16) 24. Be4 $18 Nxe4 (24... Qxa2 25. Rc1 Rxc1 26.
Rxc1 Qxb2 27. Bxb7 Qxd4+ 28. Qxd4 Rxd4 29. Rc8+ Kh7 30. Nxf7 $18) 25. fxe4 Qxa2
(25... Qa5 26. Nxf7 e5 27. Qxe5 Qxe5 28. Nxe5 $18) 26. Nxf7 $18 Rdd7 27. Ng5
Rc8 28. Qf3 g6 29. Qf6 Rg7 30. Nxe6 1-0

[Event "XXXVII Abierto Internacional "]
[Site "Sevilla (SPAIN)"]
[Date "2012.01.13"]
[Round "7"]
[White "Campora, Daniel H"]
[Black "Malakhatko, Vadim"]
[Result "1-0"]
[WhiteElo "2490"]
[BlackElo "2524"]
[Annotator "Montecatine,R"]
[PlyCount "123"]
[EventDate "2012.01.07"]
[SourceDate "2012.01.07"]

1. e4 c5 2. Nf3 e6 3. d4 cxd4 4. Nxd4 Nc6 5. Nb5 d6 6. c4 Nf6 7. Bd3 Be7 8. O-O
Ne5 9. f4 Nxd3 10. Qxd3 O-O 11. Kh1 a6 12. N5c3 b6 13. Be3 Bb7 14. Nd2 Rb8 15.
a4 Qc7 16. Bg1 Ba8 17. Rae1 Nd7 18. Bd4 Bh4 19. Re2 Rbe8 20. Nf3 Be7 21. Rfe1
Nc5 22. Qc2 Rc8 23. Nd2 Rfd8 24. Rf1 Nd7 25. Qd3 Bf6 26. Bxf6 Nxf6 27. f5 d5 (
27... Qc5 28. Qg3 $11) 28. cxd5 $6 (28. fxe6 dxe4 (28... fxe6 29. cxd5 exd5 30.
e5 d4 31. Nb5 axb5 32. exf6 gxf6 33. axb5 Qc2 34. Qh3 $11) 29. Qh3 fxe6 30.
Ncxe4 Nxe4 31. Qxe6+ Kh8 32. Nxe4 $11) 28... exd5 29. e5 (29. Nxd5 Nxd5 30.
exd5 Bxd5 $15) 29... Ne4 $6 (29... d4 30. Nd1 Ng4 31. Qg3 h5 $17) 30. f6 (30.
Ndxe4 dxe4 31. Qxa6 Bb7 32. Qb5 Bc6 33. Qb4 Qxe5 34. Qxb6 $11) 30... Qxe5 (
30... Nc5 31. Qg3 g6 $15) 31. fxg7 Qxg7 32. Qxa6 (32. Ndxe4 dxe4 33. Qxa6 $11)
32... Nxd2 33. Rxd2 d4 34. Qd3 Rc6 35. Ne4 Rg6 36. Kg1 Kh8 (36... h5) 37. Ng3
$14 h5 (37... Bc6) 38. Rf5 $16 {Diagrama #} Re8 $2 (38... Rg5 39. Rdf2 h4 40.
Ne4 Rxf5 41. Rxf5 Bxe4 42. Qxe4 Qh6 43. Rf4 Kg8 44. Rxh4 Qc1+ 45. Kf2 Qxb2+ 46.
Qe2 Qxe2+ 47. Kxe2 d3+ 48. Kd2 $16) 39. Qxd4 $18 Qxd4+ 40. Rxd4 Bc6 41. Rxh5+
Kg8 42. Rhh4 Re1+ 43. Kf2 Re8 44. Rhg4 Ree6 45. Rxg6+ fxg6 46. Rb4 Rf6+ 47. Kg1
Bd5 48. Ne2 Kg7 49. Nf4 Bf7 50. h4 Rd6 51. Kf2 Be8 52. Ke3 Kf7 53. g4 Kg7 54.
g5 Bf7 55. b3 Bg8 56. Ke4 Bf7 57. Nd3 Bg8 58. Ne5 Bd5+ 59. Ke3 Bg8 60. Nc4 Bxc4
61. Rxc4 Kf7 62. Rf4+ 1-0

[Event "XXXVII Abierto Internacional "]
[Site "Sevilla (SPAIN)"]
[Date "2012.01.13"]
[Round "7"]
[White "Diaz Castro, Sergio"]
[Black "Mirzoev, Azer"]
[Result "0-1"]
[WhiteElo "2211"]
[BlackElo "2523"]
[Annotator "Montecatine,R"]
[PlyCount "77"]
[EventDate "2012.01.07"]
[SourceDate "2012.01.07"]

1. d4 d5 2. c4 c6 3. Nc3 Nf6 4. cxd5 cxd5 5. Nf3 Nc6 6. Bf4 Nh5 7. Bd2 e6 8. e3
Bd6 9. g4 Nf6 10. Bd3 Nb4 11. Bb1 a6 12. Qe2 h6 13. Rg1 Bd7 14. a3 Nc6 15. Bd3
(15. b4) 15... Na5 $14 16. Ne5 Nb3 17. Rd1 Bxe5 18. dxe5 Ng8 19. f4 (19. Bc2)
19... Ne7 20. Bc2 Qb6 21. Rg3 Bc6 22. Bxb3 Qxb3 23. e4 Qc4 (23... Qxb2 24. Rb1
Qxa3 25. exd5 exd5 26. Ne4 Qa2 27. Nd6+ Kf8 28. Rgb3 $11) 24. Rd3 (24. Qxc4
dxc4 25. Be3 $11) 24... O-O 25. exd5 Nxd5 (25... Bxd5 $11) 26. Nxd5 Bxd5 27.
Rc1 Qb5 28. Rg3 (28. Bb4 $11) 28... Qxb2 $15 29. g5 $2 (29. Rgc3) 29... Rfc8 (
29... hxg5 30. fxg5 Rfc8 $19) 30. Rd1 (30. Rxc8+ Rxc8 31. gxh6 g6 32. h4 Qb1+
33. Qd1 Qe4+ 34. Qe2 Qh1+ 35. Qf1 Qxh4 36. Qh3 Qe7 $17) 30... g6 (30... hxg5
31. Rxg5 Rc4 $19) 31. gxh6 Qc2 (31... Rc4) 32. h7+ (32. h4) 32... Kxh7 33. Qg4
Qe4+ {Diagrama #} 34. Be3 $2 (34. Re3 $15) 34... Kg7 35. f5 Qxg4 36. f6+ Kg8
$19 37. Rxg4 Rc3 38. Kd2 Rxa3 39. h4 {Ilegible} 0-1

[Event "XXXVII Abierto Internacional "]
[Site "Sevilla (SPAIN)"]
[Date "2012.01.13"]
[Round "7"]
[White "Svetushkin, Dmitry"]
[Black "Pogorelov, Ruslan"]
[Result "1-0"]
[WhiteElo "2598"]
[BlackElo "2415"]
[Annotator "Montecatine,R"]
[PlyCount "93"]
[EventDate "2012.01.07"]
[SourceDate "2012.01.07"]

1. d4 Nf6 2. c4 e6 3. Nf3 b6 4. Nc3 Bb4 5. Bg5 Bb7 6. Nd2 h6 7. Bh4 Bxc3 8.
bxc3 d6 9. f3 Nbd7 10. e4 Qe7 11. c5 g5 (11... O-O 12. cxd6 cxd6 13. Bd3 Rfc8
14. Rc1 Nf8 15. Bf2 d5 16. O-O Ng6 17. e5 Ne8 18. Be3 Nc7 19. Rf2 Ba6 20. Bb1
Nb5 21. Bxg6 fxg6 22. Nb1 Na3 23. Nxa3 Qxa3 24. Qb3 Qe7 25. a4 Bc4 26. Qb4 Qd7
27. Rd2 Rc6 28. a5 g5 29. Ra1 b5 30. Rad1 {
1/2-1/2 (30) Cebalo,M (2486)-Beliavsky,A (2667)/Celje 2003}) (11... bxc5 12.
Rb1 Bc6 13. Nc4 Nb6 14. Ne3 cxd4 15. cxd4 g5 16. Bf2 $14) 12. cxd6 cxd6 13. Bf2
Kf8 14. Bd3 Kg7 15. Qe2 Nf8 16. O-O Ng6 17. g3 Rac8 18. Rac1 h5 19. Be3 Nd7 20.
f4 $14 gxf4 21. Bxf4 e5 (21... h4 $14) 22. Be3 $16 h4 23. g4 exd4 (23... Ndf8
24. d5 Nd7 25. Rf5 $16) 24. cxd4 Rxc1 25. Rxc1 Rc8 26. Rxc8 Bxc8 27. h3 $16 Bb7
28. Nf3 f6 29. Bd2 Ndf8 30. Qe3 Kf7 31. Be1 d5 32. e5 fxe5 33. Nxe5+ Nxe5 34.
dxe5 (34. Qf4+) 34... Qc5 $14 35. Qxc5 bxc5 36. Bxh4 Ne6 37. g5 {Diagrama #}
Nf4 $2 (37... d4) (37... c4 38. Bf5 Ng7 39. g6+ Kg8 40. Bd7 d4 41. e6 Be4 42.
Bf6 Bxg6 43. Bxd4 Bf5 44. h4 Nxe6 45. Bxa7 c3 46. Kf2 c2 47. Be3 Nd4 48. Be8
Bd3 49. a4 Nb3 $11) 38. Bf5 $18 d4 39. e6+ Kg8 40. Bg3 Ne2+ 41. Kf2 Nxg3 42.
Kxg3 Bd5 43. Kf4 Bxa2 44. Ke5 Bc4 45. Kf6 Bb5 46. e7 Be8 47. g6 1-0

[Event "XXXVII Abierto Internacional "]
[Site "Sevilla (SPAIN)"]
[Date "2012.01.13"]
[Round "7"]
[White "Komljenovic, Davorin"]
[Black "Saric, Kristina"]
[Result "1/2-1/2"]
[WhiteElo "2457"]
[BlackElo "2235"]
[Annotator "Montecatine,R"]
[PlyCount "79"]
[EventDate "2012.01.07"]
[SourceDate "2012.01.07"]

1. g3 d5 2. Bg2 e5 3. d3 c5 4. Nf3 Nc6 5. c4 d4 6. O-O Nf6 7. e3 Be7 8. exd4
cxd4 9. b4 Bxb4 10. Nxe5 Nxe5 11. Qa4+ Nfd7 12. Qxb4 Nxd3 13. Qa3 N7c5 14. Rd1
Qe7 15. Nd2 (15. Rxd3 Qe1+ 16. Bf1 Nxd3 17. Qxd3 Qxc1) 15... O-O 16. Kf1 $2 (
16. Ne4 Nxc1 (16... Bf5 17. Nxc5 Nxc5 $14) (16... Re8 17. Rxd3 Nxe4 18. Qxe7
Rxe7 19. Ba3 Re8 20. Rxd4 $14) 17. Qxc5 $14) 16... Bf5 $19 17. Bb2 Nxb2 18.
Qxb2 Rad8 19. Nf3 {Diagrama #} Bd3+ $6 (19... d3 $19) (19... Qf6 $19) 20. Kg1
Bxc4 21. Rxd4 Rxd4 22. Qxd4 b5 $17 23. Re1 Ne6 24. Qb2 Qd6 (24... Rd8) 25. Ne5
Rd8 26. Nxc4 bxc4 27. Rc1 Rc8 28. Bf1 Qd5 29. Qc3 Nd4 30. Bxc4 Ne2+ 31. Bxe2
Rxc3 32. Rxc3 g6 33. h4 h5 34. a4 a5 35. Bf1 Qd1 36. Rc4 Qe1 37. Rd4 f6 38. Rc4
g5 39. Rd4 Kg7 40. Rc4 {Diagrama #} 1/2-1/2

[Event "XXXVII Abierto Internacional "]
[Site "Sevilla (SPAIN)"]
[Date "2012.01.13"]
[Round "7"]
[White "Ponce Lopez, Miguel"]
[Black "Roy Chowdhury, Saptarshi"]
[Result "1/2-1/2"]
[WhiteElo "2134"]
[BlackElo "2414"]
[Annotator "Montecatine,R"]
[PlyCount "90"]
[EventDate "2012.01.07"]
[SourceDate "2012.01.07"]

1. e4 c5 2. c4 Nc6 3. Nc3 g6 4. g3 Bg7 5. Bg2 d6 6. Nge2 e6 7. O-O Nge7 8. d3
O-O 9. Be3 Nd4 10. Qd2 Rb8 11. Rab1 Nec6 12. f4 a6 13. g4 f5 14. gxf5 exf5 15.
Nd5 Nxe2+ 16. Qxe2 Nd4 17. Qf2 Be6 18. b4 b6 19. Kh1 Kh8 20. Rfe1 Bxd5 21. cxd5
Bf6 22. Rec1 Qe7 23. a4 a5 24. b5 Rbe8 25. Qd2 Bg7 26. Re1 fxe4 27. dxe4 Qh4
28. Rf1 Kg8 29. Qd3 g5 30. Bf2 Qh5 31. Bxd4 cxd4 (31... Bxd4 32. fxg5 Qxg5 $15)
32. fxg5 Be5 33. Qh3 Qxg5 34. Bf3 Kh8 35. Bg4 Bf4 36. Bf5 Re7 37. Rg1 Qh6 38.
Rb3 Qxh3 39. Rxh3 Rc7 40. Rg4 Be3 41. Kg2 Rg8 $2 (41... Rc2+ 42. Kf1 h6 $11)
42. Rxg8+ Kxg8 43. e5 $16 dxe5 44. d6 Rg7+ 45. Kf3 Bg5 $2 {Diagrama #} (45...
Bg5 46. Ke4 $18 Bf6 47. Be6+ Kf8 48. Kf5 Bd8 49. Kxe5 Rg5+ 50. Kxd4 $18) (45...
Kf7 46. Ke4 Kf6 47. Rh5 Bf4 48. Kd5 Rg5 49. Rxg5 Bxg5 50. Bxh7 Bh4 51. Bb1 Bf2
52. Kc6 $18) 1/2-1/2

[Event "XXXVII Abierto Internacional "]
[Site "Sevilla (SPAIN)"]
[Date "2012.01.13"]
[Round "7"]
[White "Castilla Leon Salas, Carlos"]
[Black "Burgos Figueroa, Carlos E"]
[Result "0-1"]
[WhiteElo "2126"]
[BlackElo "2289"]
[Annotator "Montecatine,R"]
[PlyCount "106"]
[EventDate "2012.01.07"]
[SourceDate "2012.01.07"]

1. d4 c5 2. d5 g6 3. c4 b5 4. Nf3 Bg7 5. cxb5 a6 6. b6 d6 7. Nc3 Nd7 8. a4 a5
9. e4 Qxb6 10. Bb5 Ngf6 11. O-O O-O 12. Nd2 Ba6 13. Qe2 Rfb8 14. Nc4 Qc7 15.
Bxa6 Rxa6 16. Nb5 Qd8 17. Bd2 $14 Rba8 18. Bc3 Nb6 19. b3 Ne8 20. Bxg7 Kxg7 21.
f4 $16 Nc7 22. Nc3 (22. Qf3) (22. f5) 22... Rb8 23. Qc2 (23. f5 $14) 23... Raa8
24. f5 Nd7 25. Rf3 f6 26. fxg6 hxg6 27. Rh3 Rb4 28. Na2 Rxc4 (28... Rbb8) 29.
bxc4 $18 Na6 30. Qd2 g5 31. Rf1 Ne5 32. Qe2 Qe8 33. Nc3 Rb8 34. Nb5 (34. Nd1
Rb1 35. Ne3 Rxf1+ 36. Kxf1 Qxa4 37. Nf5+ $18) 34... Rb7 35. Rf5 Nb4 36. Rg3 Ng6
37. Nc3 Rb8 38. e5 dxe5 {Diagrama #} 39. Ne4 (39. Qg4 Qh8 40. Ne4 Qh4 41. d6
Qxg4 42. Rxg4 Nd3 43. dxe7 Rb1+ 44. Rf1 Rxf1+ 45. Kxf1 Nxe7 46. Rg3 Nb2 47. Rb3
Nxc4 48. Rb5 $18) 39... Qxa4 (39... Nf4) 40. Nxc5 Qa1+ 41. Rf1 Qd4+ 42. Qf2
Qxf2+ 43. Kxf2 $2 (43. Rxf2 Nf4 44. Ra3 $16) 43... Rc8 $11 44. Ne6+ Kg8 (44...
Kf7 45. Ra3 Rxc4 46. Rxa5 Nf4 $11) 45. Ra3 (45. Kg1 Rxc4 46. d6 Nf4 47. Nxf4
exf4 48. dxe7 Kf7 49. Re1 Rc8 50. Ra3 $18) 45... Rxc4 46. Rxa5 Rc2+ (46... Nf4)
47. Kg1 Rd2 48. Ra8+ Kh7 49. Rf3 g4 (49... Nf4) 50. Rb3 (50. Rf2) 50... Nd3 {
Diagrama #} 51. Rb1 $2 (51. g3 Ne1 52. Rd8 Nf3+ 53. Kf1 $15) 51... Nh4 $19 52.
Ra7 Rxg2+ 53. Kf1 Rf2+ 0-1

[Event "XXXVII Abierto Internacional "]
[Site "Sevilla (SPAIN)"]
[Date "2012.01.13"]
[Round "7"]
[White "Burmakin, Vladimir"]
[Black "Razmyslov, Alexander"]
[Result "0-1"]
[WhiteElo "2593"]
[BlackElo "2438"]
[Annotator "Montecatine,R"]
[PlyCount "76"]
[EventDate "2012.01.07"]
[SourceDate "2012.01.07"]

1. d4 Nf6 2. Nf3 g6 3. Bf4 Bg7 4. e3 O-O 5. c3 d5 6. Be2 c5 7. Nbd2 Qb6 8. Qb3
Nc6 9. O-O Qa5 10. Rfc1 Nh5 11. Bg5 h6 12. Bh4 g5 13. Bg3 $6 (13. Nxg5 hxg5 14.
Bxg5 c4 15. Qc2 Nf6 16. b3 $13) 13... Nxg3 14. hxg3 g4 $17 15. Nh2 cxd4 16.
Bxg4 (16. exd4 Nxd4 17. cxd4 Qxd2 18. Bxg4 Qxd4 $17) 16... dxe3 17. fxe3 Qc5
18. Ndf1 f5 19. Bf3 Be6 20. Rd1 Rad8 21. Rac1 Kh8 22. Rd2 b5 23. Rcd1 Na5 24.
Qc2 Nc4 25. Re2 Bg8 26. Bh5 Bh7 27. Qc1 Rd6 28. Kh1 Ra6 29. Nf3 Nd6 30. a3 Ne4
31. N3d2 Be5 32. Nxe4 fxe4 33. Red2 (33. g4) 33... Raf6 $19 34. b4 Qc6 35. Be2
Bg8 36. Rc2 Rg6 37. a4 a6 38. axb5 Qf6 $19 {ilegible Diagrama #} 0-1

[Event "XXXVII Abierto Internacional "]
[Site "Sevilla (SPAIN)"]
[Date "2012.01.13"]
[Round "7"]
[White "Matamoros Franco, Carlos S"]
[Black "Estremera Panos, Sergio"]
[Result "1-0"]
[WhiteElo "2552"]
[BlackElo "2379"]
[Annotator "Montecatine,R"]
[PlyCount "55"]
[EventDate "2012.01.07"]
[SourceDate "2012.01.07"]

1. c4 Nf6 2. g3 c6 3. Nf3 d5 4. Bg2 g6 5. b3 Bg7 6. Bb2 O-O 7. d3 a5 8. O-O Na6
9. a3 Bg4 10. Nbd2 Qb6 11. Qc2 Rfe8 12. Rab1 Rad8 (12... Rac8 13. Bc3 Rcd8 14.
Qb2 Nh5 15. Bxg7 Nxg7 16. b4 axb4 17. axb4 Bxf3 18. Bxf3 Nf5 19. Kg2 Qd4 20.
Rfc1 Qxb2 21. Rxb2 Nd4 22. b5 Nb8 23. cxd5 cxd5 24. Rc7 b6 25. Rb7 Rd6 26. e3
Nxf3 27. Nxf3 Nd7 28. d4 Rb8 29. Rxb8+ Nxb8 30. Rc2 Rd8 31. Ne5 f6 32. Nd3 Kf7
33. Nb4 Ke6 34. Rc7 Kd6 35. Rb7 Nd7 36. Ra7 Nb8 37. Kf3 Rd7 38. Ra8 Kc7 39.
Ra7+ Kd6 40. Ra8 Kc7 41. e4 Kb7 42. Ra2 dxe4+ 43. Kxe4 Rd6 44. d5 e6 45. Kd4
Nd7 46. f4 Nc5 47. Kc4 exd5+ 48. Nxd5 Ne4 49. Ra3 Rd8 50. Re3 {
1/2-1/2 (50) Stocek,J (2514)-Shushpanov,V (2403)/Pardubice 2000}) 13. Ba1 d4
14. c5 Qxc5 15. Qxc5 Nxc5 16. Bxd4 Bxf3 17. Nxf3 Ne6 18. Ba1 Nd5 19. Bxg7 Kxg7
20. Rfc1 Nec7 21. Nd2 Nb5 22. Nc4 Ra8 23. Bxd5 cxd5 24. Nb6 Rad8 25. Rc5 {
Diagrama #} Nxa3 $2 (25... Nd4 26. Rb2 $14) 26. Ra1 Rd6 27. Nxd5 $16 b6 $2 28.
Nc7 $18 1-0

[Event "XXXVII Abierto Internacional "]
[Site "Sevilla (SPAIN)"]
[Date "2012.01.13"]
[Round "7"]
[White "Fernandez Romero, Ernesto"]
[Black "Kovacevic, Slobodan"]
[Result "1-0"]
[WhiteElo "2471"]
[BlackElo "2321"]
[Annotator "Montecatine,R"]
[PlyCount "83"]
[EventDate "2012.01.07"]
[SourceDate "2012.01.07"]

1. e4 c5 2. Nf3 e6 3. d4 cxd4 4. Nxd4 a6 5. Nc3 Qc7 6. Qf3 Nf6 7. Qg3 Qb6 8.
Nb3 d6 9. Bd3 Nbd7 10. O-O Qc7 11. a4 b6 12. Nd4 Bb7 13. Rd1 Nh5 14. Qh3 Nhf6
15. a5 bxa5 16. Qg3 Nc5 17. f3 Nh5 18. Qh4 Nf6 19. Qg3 Nh5 20. Qf2 Be7 21. Be3
O-O 22. Nb3 Nxb3 23. cxb3 Bc6 24. Bb6 Qb7 25. Rxa5 Rfb8 26. Be3 Nf6 27. Bc2 d5
28. e5 Nd7 29. f4 Bd8 30. Ra3 Bb6 31. Ne2 Bxe3 32. Qxe3 Qb6 33. Nd4 g6 34. h4
Rc8 35. h5 Nc5 36. hxg6 hxg6 {Diagrama #} 37. b4 $1 Ne4 (37... Qxb4 38. Qf2 Ne4
39. Qh4 $18) (37... Nd7 38. Qh3 Kg7 39. Bxg6 fxg6 40. Qxe6 $18) 38. f5 Qxb4 (
38... exf5 39. Qh6 $18) 39. Bxe4 (39. fxg6 fxg6 40. Qh6 Be8) 39... dxe4 40.
fxg6 fxg6 41. Qh6 Be8 42. Rh3 1-0

[Event "XXXVII Abierto Internacional "]
[Site "Sevilla (SPAIN)"]
[Date "2012.01.13"]
[Round "7"]
[White "Barrero Garcia, Carlos"]
[Black "Mellado Trivino, Juan"]
[Result "0-1"]
[WhiteElo "2370"]
[BlackElo "2435"]
[Annotator "Montecatine,R"]
[PlyCount "66"]
[EventDate "2012.01.07"]
[SourceDate "2012.01.07"]

1. e4 e5 2. Nf3 Nf6 3. Nxe5 d6 4. Nf3 Nxe4 5. d4 d5 6. Bd3 Be7 7. O-O Bf5 8. c4
dxc4 9. Bxc4 O-O 10. Ne5 Nd6 11. Bb3 Nc6 12. Nc3 Na5 13. Bd5 c6 14. Bf3 Nac4 (
14... Ndc4 15. Nxc4 Nxc4 16. b3 Bb4 17. Ne2 Na3 18. Bxa3 Bxa3 19. Qd2 a5 20.
Ng3 Bg6 21. Rad1 Bb4 22. Qc1 Qe7 23. a4 Rac8 24. Bh5 Bxh5 25. Nxh5 Rfd8 26. Rd3
g6 27. Qh6 f5 28. Nf4 Rd6 29. Qh3 Qe4 30. Qh4 Rxd4 31. Rxd4 Qxd4 32. Nxg6 Qxh4
33. Nxh4 f4 34. Rd1 b5 35. Rc1 bxa4 36. bxa4 c5 37. Rc4 Rd8 38. h3 Rd1+ 39. Kh2
Rd4 40. Rxd4 cxd4 41. Kg1 d3 42. Kf1 Kf7 43. g3 fxg3 44. fxg3 Ke6 45. g4 Kd5
46. Nf5 Kc4 47. Ne3+ Kb3 48. g5 Bc5 {
0-1 (48) Vacek,M-Subrt,J (2205)/Czechia 1993}) 15. Qe2 Be6 16. Rd1 Bf6 17. b3
Nb6 18. Ba3 Re8 19. Qb2 Nd5 20. Bxd6 (20. Nxd5 cxd5 $11) 20... Nxc3 21. Qxc3
Qxd6 $15 22. Nc4 (22. Rac1) 22... Bxc4 $17 23. Qxc4 Rad8 24. Rd3 Bxd4 25. Rad1
Qf6 26. g3 c5 27. R1d2 b6 28. Kg2 g6 29. Bd5 Qf5 30. Bc6 Re6 31. Bb7 Re7 32.
Qa6 Kg7 {Diagrama #} 33. Rf3 $2 (33. b4 $17) 33... Qd7 $19 0-1

[Event "XXXVII Abierto Internacional "]
[Site "Sevilla (SPAIN)"]
[Date "2012.01.13"]
[Round "7"]
[White "Fernandez-Martos Machado, Eduar"]
[Black "Zozulia, Anna"]
[Result "1-0"]
[WhiteElo "2133"]
[BlackElo "2357"]
[Annotator "Montecatine,R"]
[PlyCount "97"]
[EventDate "2012.01.07"]
[SourceDate "2012.01.07"]

1. d4 Nf6 2. Nf3 g6 3. c4 Bg7 4. Nc3 O-O 5. e4 d6 6. Be2 Bg4 7. Be3 Nfd7 8. O-O
e5 9. dxe5 dxe5 10. Qd2 Bxf3 11. Bxf3 Nc6 12. g3 (12. Rad1 Nd4 13. Bxd4 exd4
14. Nb5 c5 15. Be2 a6 16. Na3 Re8 17. Bd3 Ne5 18. f4 Ng4 19. Nc2 Ne3 20. Nxe3
dxe3 21. Qe2 Bd4 22. Kh1 Rb8 23. a4 Qb6 24. Rf3 Rbd8 25. e5 f6 26. Be4 fxe5 27.
f5 Qxb2 28. Qxb2 Bxb2 29. Bd5+ Rxd5 30. cxd5 Bd4 31. Re1 e4 32. Rg3 Kf7 33.
fxg6+ hxg6 34. Rexe3 Bxe3 35. Rxe3 Re5 36. h4 Ke7 37. Rb3 b5 38. axb5 c4 39.
Rb1 axb5 40. Rxb5 e3 41. Kg1 e2 {0-1 (41) Antoshin,V-Gufeld,E/Moscow 1972})
12... a5 13. Rad1 Nd4 14. Bg2 Nb6 15. b3 Qd6 (15... c5) (15... Qe7) 16. f4 $14
(16. Nb5 Nxb5 17. Qxd6 Nxd6 18. Bxb6 $16) 16... Rad8 (16... c5) 17. Nd5 $16
Nxd5 18. exd5 $14 (18. cxd5 c5 19. Qxa5) 18... c5 19. dxc6 bxc6 20. Qf2 Qe7 21.
Rfe1 (21. Bxd4 exd4 22. Bxc6) 21... c5 22. Bd5 {Diagrama #} Rxd5 (22... e4) 23.
cxd5 e4 24. Bxd4 cxd4 25. Rxd4 Bxd4 26. Qxd4 $16 Re8 27. d6 Qe6 28. d7 Rd8 29.
Rxe4 Rxd7 30. Rxe6 Rxd4 31. Re2 a4 32. bxa4 Rxa4 33. Kf1 Kg7 34. Ke1 Kf6 35.
Kd1 Kf5 36. Kc1 Kg4 37. Kb2 h5 38. Kb3 Ra8 39. a4 Kf3 40. Rc2 f6 (40... Kg4) (
40... Ra7 41. f5 gxf5 42. Rc4 $18) 41. Rc6 $18 Kg2 42. Rxf6 Rg8 43. f5 gxf5 44.
Rxf5 Rh8 (44... Kxh2 45. Rxh5+ Kxg3 46. a5 $18) 45. a5 Kxh2 46. Rg5 Kg2 47. Kb4
Kf3 48. a6 Ke4 49. Kc5 1-0